Institute Automation Design
Salvato in:
| Autore principale: | |
|---|---|
| Altri autori: | |
| Natura: | Manoscritto Libro |
| Lingua: | slovacco inglese |
| Pubblicazione: |
2025
|
| Soggetti: | |
| Accesso online: | http://is.stuba.sk/zp/portal_zp.pl?podrobnosti=183421 |
| Tags: |
Nessun Tag, puoi essere il primo ad aggiungerne!!
|
MARC
| LEADER | 00000ntm a22000003a 4500 | ||
|---|---|---|---|
| 001 | stuzp104257 | ||
| 003 | SK-STU | ||
| 005 | 20250607210452.2 | ||
| 007 | ta | ||
| 008 | 150427s2015----xo-----f-mn---000-0-slo-d | ||
| 040 | |a STU |b slo | ||
| 041 | 0 | |a eng | |
| 100 | 1 | |a Zsideková, Erika |u 047220 |4 aut |U FCHPT Ústav informatizácie, automatizácie a matematiky |T FCHPT Oddelenie informatizácie a riadenia procesov |X 105460 |U C7220 |Y 121 |7 105460 | |
| 242 | 0 | 1 | |a Návrh automatizácie ústavu |y slo |
| 245 | 1 | 0 | |a Institute Automation Design |
| 260 | |c 2025 | ||
| 650 | 4 | |a YAML |2 eng | |
| 650 | 4 | |a automation |2 eng | |
| 650 | 4 | |a integration |2 eng | |
| 650 | 4 | |a Home Assistant |2 eng | |
| 650 | 4 | |a Smart Greenhouse |2 eng | |
| 650 | 4 | |a Node-RED |2 eng | |
| 650 | 4 | |a MQTT |2 eng | |
| 650 | 4 | |a Wi-Fi |2 eng | |
| 650 | 4 | |a ZigBee |2 eng | |
| 650 | 4 | |a inteligentný skleník |2 slo | |
| 650 | 4 | |a YAML |2 slo | |
| 650 | 4 | |a automatizácia |2 slo | |
| 650 | 4 | |a Wi-Fi |2 slo | |
| 650 | 4 | |a ZigBee |2 slo | |
| 650 | 4 | |a integrácie |2 slo | |
| 650 | 4 | |a Node-RED |2 slo | |
| 650 | 4 | |a MQTT |2 slo | |
| 650 | 4 | |a Home Assistant |2 slo | |
| 700 | 1 | |a Fikar, Miroslav |u 047000 |k Z1 |4 ths |U FCHPT Fakulta chemickej a potravinárskej technológie |T FCHPT Ústav informatizácie, automatizácie a matematiky |X 3374 |U C7000 |Y 105 |7 A000003374 | |
| 856 | 4 | |u http://is.stuba.sk/zp/portal_zp.pl?podrobnosti=183421 | |